1253 1453 1692 1477 1380 1177 1926 1849 1982 1832 1298 1409 1172 1783 1073 1144 1459 1465 1549 1784 1882 1337 1778 1005 1141 1647 1068 1111 1783 1363 1789 1183 1106 1399 1591 1585 1143 1279 1107 1680 1121 1690 1382 1430 1696 1021 1300 1733 1853 1061 1314 1916 1568 1378 1479 1925 1383 1790 1415 1931 1012 1595 1156 1720 1460 1453 1427 1231 1564 1670 1666 1643 1209 1815 1653 1736 1697 1979 1659 1863 1479 1893 1684 1900 1733 1290 1164 1447 1367 1999 1007 1686 1065 1558 1362 1843 1735 1747 1860 BCNSPRNW ULIB Ver.6.0+V

เปลี่ยนเป็นภาษาไทย

Change to English
 แสดงรายละเอียดบรรณานุกรม
  กลับหน้าหลัก

Brief Record : Get Marc (ISO 2709) : E-mail record : QR code < ปิดหน้าต่าง
LEADER : 00000nam 2200000uu 4500
001    13399128565
003     ULIB
008    230912s2563||||th 000 0 tha d
020    ^a9786164075122
060    ^aWT100^bค125ค
110    ^aคณะทันตแพทยศาสตร์,จุฬาลงกรณ์มหาวิทยาลัย
245    ^aคู่มือดูแลตนเองเพื่อสุขภาพดีมีความสุข ฉบับประชาชน
250    ^aพิมพ์ครั้งที่ 1
260    ^aกรุงเทพฯ :^bสำนักพิมพ์จุฬาลงกรณ์มหาวิทยาลัย,^c2563
300    ^a28 หน้า;^c30 ซม.
650    ^aผู้สูงอายุ-การดูแลสุขภาพ
945    ^p0^l0^i010311
999    ^aประนอม เกษจรัล
รายการนี้ยังไม่มีแท็ก
คุณยังไม่ได้ล็อกอิน คุณสามารถมีกิจกรรมร่วมกับเว็บไซต์ได้ แต่ต้องล็อกอินก่อน ::
  ล็อกอิน

รายการสื่อสารสนเทศ

ลำดับที่ ประเภท เลขเรียก/บาร์โค้ด สถานที่ สถานะ
1. วิทยาศาสตร์การแพทย์ และสุขภาพ
หนังสือสำรอง
สถานะ=หนังสือสำรอง
WT100 ค125ค ฉ.1 
  Barcode: 010311
ห้องสมุดวิทยาเขตสวรรค์ประชารักษ์
►หนังสือทั่วไป
บนชั้น

รายการใกล้เคียง
    หัวเรื่อง [ผู้สูงอายุ-การดูแลสุขภาพ]

BibComment


ยังไม่เคยถูกคอมเมนท์

คอมเมนท์ทรัพยากรรายการนี้
  คอมเมนท์: คู่มือดูแลตนเองเ..


 Copyright 2026. Bcnsprnw @Library